Kutemui satu Malaysia (Record no. 104535)

MARC details
000 -LEADER
fixed length control field 00651nam a2200241 i 4500
001 - CONTROL NUMBER
control field C2-0300664
003 - CONTROL NUMBER IDENTIFIER
control field PPAK
005 - DATE AND TIME OF LATEST TRANSACTION
control field 20180728082143.0
008 - FIXED-LENGTH DATA ELEMENTS--GENERAL INFORMATION
fixed length control field 091111s2009 my |||| ||||| | may d
020 ## - INTERNATIONAL STANDARD BOOK NUMBER
International Standard Book Number 9789675106781
040 ## - CATALOGING SOURCE
Original cataloging agency PPAK
Language of cataloging eng
Transcribing agency PPAK
Description conventions rda
082 04 - DEWEY DECIMAL CLASSIFICATION NUMBER
Classification number 899.231
Edition number 23
090 00 - LOCALLY ASSIGNED LC-TYPE CALL NUMBER (OCLC); LOCAL CALL NUMBER (RLIN)
Classification number (OCLC) (R) ; Classification number, CALL (RLIN) (NR) 899.231
Feature heading TEO
Feature heading G
100 1# - MAIN ENTRY--PERSONAL NAME
Personal name Teo, Wei Sing,
Relator term author
245 10 - TITLE STATEMENT
Title Kutemui satu Malaysia
264 #1 - PRODUCTION, PUBLICATION, DISTRIBUTION, MANUFACTURE, AND COPYRIGHT NOTICE
Place of production, publication, distribution, manufacture Ampang, Selangor :
Name of producer, publisher, distributor, manufacturer Pekan Ilmu Publications ,
Date of production, publication, distribution, manufacture, or copyright notice 2009
300 ## - PHYSICAL DESCRIPTION
Extent xxx, 76 pages ;
Dimensions 21 cm
336 ## - CONTENT TYPE
Source rdacontent
Content type term text
337 ## - MEDIA TYPE
Source rdamedia
Media type term unmediated
338 ## - CARRIER TYPE
Source rdacarrier
Carrier type term volume
650 10 - SUBJECT ADDED ENTRY--TOPICAL TERM
Topical term or geographic name entry element Malay poetry.
942 ## - ADDED ENTRY ELEMENTS (KOHA)
-- dc
Koha item type Book
Holdings
Withdrawn Not for loan Current library Shelving location Date acquired Full call number Barcode Date last seen Koha item type Total Checkouts
    PD31, Kg. Gelam, Bedong Pinjaman Dewasa 30/11/2009 899.231 TEO A01335251 09/05/2018 Book  
    PD33, Kg. Belau, Merbok Pinjaman Dewasa 30/11/2009 899.231 TEO A01335253 09/05/2018 Book  
    PD34, Kg. Pantai Prai Pinjaman Dewasa 02/06/2010 899.231 TEO A01339327 09/05/2018 Book  
    T-PD32, Kg. Thye Eng, Bedong Pinjaman Dewasa 30/11/2009 899.231 TEO A01335252 09/05/2018 Book